000 00886nam a2200337 4500
001 00079652
003 DO-SdBNP
005 20180209111450.0
007 00079652
008 900809s2007 sp a spa
015 _a
016 7 _a
_z
_2BPMSU
017 _a
020 _a9788467522112
040 _aBPMSU
_bspa
_cBPMSU
_e
080 0 _a
100 1 _aCasalderrey, Fina
240 1 0 _a
_l
245 1 3 _aGordito relleno /
_c Fina Casalderrey
_h
250 _a
260 _aMadrid :
_bSM,
_c2007
300 _a107 p. ;
_bil.,
_c22 cm
490 1 _aEl barco de vapor
_v197
650 _aNOVELA INFANTIL ALEMANA
650 _aLITERATURA INFANTIL ALEMANA
700 1 _aLópez Domínguez, Xan
_c
_etr.
830 0 _aEl barco de vapor
_v197
942 _2ddc
_cBK
945 _aInventariado, 2018/MFF
956 _aVMATEO
_210
_320161129
_6BPMSU
_80069
999 _c12162
_d12162